[Event "WGM Marmaris Cleopatra 2018"]
[Site "Mentese Mugla"]
[Date "2018.10.27"]
[Round "4.6"]
[White "Dimitrijevic, Aleksandra"]
[Black "Ince, Safiye Oyku"]
[Result "1-0"]
[WhiteElo "2189"]
[BlackElo "1855"]
[Annotator "NA"]
[PlyCount "53"]
[EventDate "2018.10.26"]
[EventType "tourn"]
[EventCountry "TUR"]
[SourceTitle "playchess.com"]
[Source "ChessBase"]
[SourceQuality "1"]
[TimeControl "5400+30"]

1. e4 {[%emt 0:00:30]} c5 {[%emt 0:00:30]} 2. Nf3 {[%emt 0:00:00]} e6 {[%emt 0:00:00]} 3. b3 {[%emt 0:00:00]} Nc6 {[%emt 0:01:00]} 4. Bb2 {[%emt 0:00:30]} d5 {[%emt 0:00:30]} 5. exd5 {[%emt 0:00:30]} exd5 {[%emt 0:00:00]} 6. Bb5 {[%emt 0:00:00]} Nf6 {[%emt 0:05:00]} 7. O-O {[%emt 0:01:00]} Be7 {[%emt 0:01:30]} 8. d4 {[%emt 0:02:30]} O-O {[%emt 0:02:30]} 9. dxc5 {[%emt 0:06:30]} Bxc5 {[%emt 0:00:30]} 10. Nc3 {[%emt 0:00:30]} Bg4 {[%emt 0:06:30]} 11. h3 {[%emt 0:07:30]} Bh5 {[%emt 0:03:30]} 12. Be2 {[%emt 0:04:30]} Re8 {[%emt 0:00:30]} 13. a3 {[%emt 0:02:30]} a6 {[%emt 0:11:30]} 14. b4 {[%emt 0:09:30]} Bf8 {[%emt 0:02:30]} 15. Nd4 {[%emt 0:12:30]} Bxe2 {[%emt 0:08:30]} 16. Ncxe2 {[%emt 0:00:30]} Ne5 {[%emt 0:00:30]} 17. Nf5 {[%emt 0:02:30]} Rc8 {[%emt 0:01:30]} 18. Bd4 {[%emt 0:02:30]} Ne4 {[%emt 0:03:30]} 19. Nfg3 {[%emt 0:10:30]} Qc7 {[%emt 0:03:30]} 20. c3 {[%emt 0:04:30]} Nc4 {[%emt 0:09:30]} 21. Re1 {[%emt 0:01:30]} Bd6 {[%emt 0:02:30]} 22. Qd3 {[%emt 0:09:30]} Re6 {[%emt 0:03:30]} 23. Nf1 {[%emt 0:04:10]} Rce8 {[%emt 0:14:01]} 24. f3 {[%emt 0:01:46]} Ng3 {[%emt 0:02:11]} 25. Nfxg3 {[%emt 0:03:09]} Bxg3 {[%emt 0:01:40]} 26. Bf2 {[%emt 0:01:36]} Ne3 {[%emt 0:03:33]} 27. Nxg3 {[%emt 0:00:22]} 1-0

[Event "WGM Marmaris Cleopatra 2018"]
[Site "Mentese Mugla"]
[Date "2018.10.27"]
[Round "4.7"]
[White "Zozulia, Anna"]
[Black "Soyunlu, Narmin"]
[Result "0-1"]
[WhiteElo "2292"]
[BlackElo "2014"]
[Annotator "NA"]
[PlyCount "155"]
[EventDate "2018.10.26"]
[EventType "tourn"]
[EventCountry "TUR"]
[SourceTitle "playchess.com"]
[Source "ChessBase"]
[SourceQuality "1"]
[TimeControl "5400+30"]

1. e4 {[%emt 0:00:30]} e5 {[%emt 0:00:30]} 2. Nf3 {[%emt 0:00:30]} Nc6 {[%emt 0:00:00]} 3. Bb5 {[%emt 0:00:30]} a6 {[%emt 0:00:00]} 4. Ba4 {[%emt 0:00:30]} Nf6 {[%emt 0:00:30]} 5. O-O {[%emt 0:00:00]} Be7 {[%emt 0:00:00]} 6. Re1 {[%emt 0:00:00]} b5 {[%emt 0:00:00]} 7. Bb3 {[%emt 0:00:30]} d6 {[%emt 0:00:30]} 8. c3 {[%emt 0:00:30]} O-O {[%emt 0:00:30]} 9. h3 {[%emt 0:03:30]} Nb8 {[%emt 0:03:30]} 10. d4 {[%emt 0:04:30]} Nbd7 {[%emt 0:00:30]} 11. Nbd2 {[%emt 0:02:30]} Bb7 {[%emt 0:04:30]} 12. Bc2 {[%emt 0:03:30]} Re8 {[%emt 0:01:30]} 13. Nf1 {[%emt 0:01:30]} Bf8 {[%emt 0:02:30]} 14. Ng3 {[%emt 0:00:00]} g6 {[%emt 0:02:30]} 15. Bd2 {[%emt 0:03:00]} c5 {[%emt 0:08:30]} 16. d5 {[%emt 0:02:30]} Nb6 {[%emt 0:02:30]} 17. Qc1 {[%emt 0:06:30]} h5 {[%emt 0:10:30]} 18. Bg5 {[%emt 0:05:30]} Be7 {[%emt 0:01:30]} 19. Bh6 {[%emt 0:03:30]} Nh7 {[%emt 0:05:30]} 20. Nf1 {[%emt 0:17:30]} Bc8 {[%emt 0:07:30]} 21. N3h2 {[%emt 0:02:30]} Bg5 {[%emt 0:04:30]} 22. Bxg5 {[%emt 0:00:30]} Qxg5 {[%emt 0:00:30]} 23. Qxg5 {[%emt 0:10:30]} Nxg5 {[%emt 0:00:00]} 24. h4 {[%emt 0:03:30]} Nh7 {[%emt 0:00:00]} 25. Ne3 {[%emt 0:00:30]} Bd7 {[%emt 0:04:30]} 26. f3 {[%emt 0:03:30]} Nc4 {[%emt 0:11:30]} 27. Nxc4 {[%emt 0:02:30]} bxc4 {[%emt 0:02:30]} 28. Nf1 {[%emt 0:00:30]} Reb8 {[%emt 0:01:30]} 29. Reb1 {[%emt 0:05:40]} a5 {[%emt 0:02:30]} 30. Ne3 {[%emt 0:01:43]} Bb5 {[%emt 0:00:00]} 31. Bd1 {[%emt 0:03:05]} Nf6 {[%emt 0:00:00]} 32. Be2 {[%emt 0:00:42]} a4 {[%emt 0:04:30]} 33. Bxc4 {[%emt 0:04:00]} Kf8 {[%emt 0:05:27]} 34. b4 {[%emt 0:02:47]} axb3 {[%emt 0:01:35]} 35. axb3 {[%emt 0:00:03]} Rxa1 {[%emt 0:01:58]} 36. Rxa1 {[%emt 0:00:04]} Nd7 {[%emt 0:02:56]} 37. Ra3 {[%emt 0:04:20]} Ke7 {[%emt 0:01:00]} 38. Kf2 {[%emt 0:00:08]} Bxc4 {[%emt 0:06:01]} 39. Nxc4 {[%emt 0:00:04]} f5 {[%emt 0:00:51]} 40. Ke3 {[%emt 0:00:04]} fxe4 {[%emt 0:01:05]} 41. fxe4 {[%emt 0:00:03]} Nf6 {[%emt 0:01:37]} 42. Ra7+ {[%emt 0:02:32]} Nd7 {[%emt 0:00:01]} 43. Na5 {[%emt 0:02:53]} Rb5 {[%emt 0:01:45]} 44. Kd3 {[%emt 0:01:16]} Ke8 {[%emt 0:01:17]} 45. Kc4 {[%emt 0:01:02]} Rb8 {[%emt 0:00:54]} 46. Nc6 {[%emt 0:00:28]} Rb6 {[%emt 0:00:56]} 47. b4 {[%emt 0:00:46]} cxb4 {[%emt 0:00:18]} 48. cxb4 {[%emt 0:00:06]} Nf6 {[%emt 0:00:33]} 49. Kd3 {[%emt 0:00:41]} Kf8 {[%emt 0:00:41]} 50. Ra8+ {[%emt 0:00:50]} Kf7 {[%emt 0:00:22]} 51. Ra7+ {[%emt 0:00:36]} Kf8 {[%emt 0:00:07]} 52. Ra4 {[%emt 0:00:10]} Kf7 {[%emt 0:01:01]} 53. Na5 {[%emt 0:00:09]} Ke7 {[%emt 0:00:32]} 54. Nc6+ {[%emt 0:01:01]} Kf7 {[%emt 0:00:02]} 55. Nd8+ {[%emt 0:00:27]} Ke7 {[%emt 0:00:22]} 56. Ne6 {[%emt 0:00:07]} Rb7 {[%emt 0:00:17]} 57. Ng5 {[%emt 0:00:27]} Ng4 {[%emt 0:00:57]} 58. Kc3 {[%emt 0:00:55]} Rc7+ {[%emt 0:00:33]} 59. Kb3 {[%emt 0:00:11]} Ne3 {[%emt 0:00:39]} 60. Ra2 {[%emt 0:00:13]} Ng4 {[%emt 0:00:35]} 61. b5 {[%emt 0:00:15]} Kd7 {[%emt 0:00:34]} 62. Kb4 {[%emt 0:00:46]} Ne3 {[%emt 0:00:31]} 63. Kb3 {[%emt 0:01:17]} Rb7 {[%emt 0:00:24]} 64. Re2 {[%emt 0:00:26]} Rxb5+ {[%emt 0:00:28]} 65. Ka4 {[%emt 0:00:06]} Nd1 {[%emt 0:00:26]} 66. Kxb5 {[%emt 0:00:38]} Nc3+ {[%emt 0:00:01]} 67. Kc4 {[%emt 0:00:41]} Nxe2 {[%emt 0:00:02]} 68. Ne6 {[%emt 0:00:33]} Ke7 {[%emt 0:01:08]} 69. Kd3 {[%emt 0:00:43]} Nf4+ {[%emt 0:01:00]} 70. Nxf4 {[%emt 0:00:07]} exf4 {[%emt 0:00:01]} 71. Ke2 {[%emt 0:00:05]} Kf6 {[%emt 0:00:10]} 72. Kf2 {[%emt 0:00:07]} g5 {[%emt 0:00:53]} 73. Kf3 {[%emt 0:00:53]} Kg6 {[%emt 0:00:19]} 74. e5 {[%emt 0:01:09]} dxe5 {[%emt 0:00:18]} 75. Ke4 {[%emt 0:00:40]} g4 {[%emt 0:01:16]} 76. Kxe5 {[%emt 0:00:11]} f3 {[%emt 0:00:04]} 77. d6 {[%emt 0:00:39]} Kf7 {[%emt 0:00:01]} 78. Kd4 {[%emt 0:00:55]} 0-1

[Event "WGM Marmaris Cleopatra 2018"]
[Site "Mentese Mugla"]
[Date "2018.10.27"]
[Round "4.8"]
[White "Tsatsalashvili, Keti"]
[Black "Arda, Cagil Irmak"]
[Result "1-0"]
[WhiteElo "2330"]
[BlackElo "2096"]
[Annotator "NA"]
[PlyCount "69"]
[EventDate "2018.10.26"]
[EventType "tourn"]
[EventCountry "TUR"]
[SourceTitle "playchess.com"]
[Source "ChessBase"]
[SourceQuality "1"]
[TimeControl "5400+30"]

1. d4 {[%emt 0:00:30]} Nf6 {[%emt 0:00:30]} 2. c4 {[%emt 0:00:30]} e6 {[%emt 0:00:00]} 3. Nc3 {[%emt 0:00:30]} Bb4 {[%emt 0:00:00]} 4. e3 {[%emt 0:00:30]} O-O {[%emt 0:00:30]} 5. Bd3 {[%emt 0:00:30]} d5 {[%emt 0:00:30]} 6. Nf3 {[%emt 0:00:30]} b6 {[%emt 0:02:30]} 7. O-O {[%emt 0:01:30]} Bb7 {[%emt 0:01:30]} 8. cxd5 {[%emt 0:00:30]} exd5 {[%emt 0:00:30]} 9. Qc2 {[%emt 0:02:30]} a6 {[%emt 0:03:30]} 10. Ne5 {[%emt 0:01:30]} Bd6 {[%emt 0:02:30]} 11. f4 {[%emt 0:02:30]} c5 {[%emt 0:03:30]} 12. Rf3 {[%emt 0:09:30]} cxd4 {[%emt 0:11:30]} 13. exd4 {[%emt 0:00:30]} Nc6 {[%emt 0:00:30]} 14. Nxc6 {[%emt 0:06:30]} Bxc6 {[%emt 0:00:30]} 15. Rh3 {[%emt 0:00:30]} h6 {[%emt 0:03:30]} 16. Bd2 {[%emt 0:02:30]} Re8 {[%emt 0:06:30]} 17. Rf1 {[%emt 0:02:30]} Bb7 {[%emt 0:03:30]} 18. f5 {[%emt 0:03:30]} Ne4 {[%emt 0:04:30]} 19. Bxe4 {[%emt 0:03:30]} dxe4 {[%emt 0:00:30]} 20. f6 {[%emt 0:00:30]} Bf8 {[%emt 0:01:30]} 21. Be3 {[%emt 0:02:30]} Re6 {[%emt 0:08:30]} 22. fxg7 {[%emt 0:04:30]} Bxg7 {[%emt 0:00:30]} 23. Rg3 {[%emt 0:00:30]} Rc8 {[%emt 0:05:30]} 24. Qf2 {[%emt 0:01:30]} Qe7 {[%emt 0:03:30]} 25. d5 {[%emt 0:07:30]} Rg6 {[%emt 0:01:30]} 26. Bxb6 {[%emt 0:01:30]} Bxc3 {[%emt 0:04:30]} 27. d6 {[%emt 0:06:30]} e3 {[%emt 0:05:30]} 28. Bxe3 {[%emt 0:08:30]} Be1 {[%emt 0:06:30]} 29. Rxg6+ {[%emt 0:02:30]} fxg6 {[%emt 0:00:00]} 30. dxe7 {[%emt 0:00:30]} Bxf2+ {[%emt 0:00:00]} 31. Rxf2 {[%emt 0:00:00]} Re8 {[%emt 0:00:30]} 32. Bc5 {[%emt 0:00:00]} Kg7 {[%emt 0:01:30]} 33. Rf8 {[%emt 0:00:30]} Bc6 {[%emt 0:00:00]} 34. Bd4+ {[%emt 0:00:30]} Kh7 {[%emt 0:00:00]} 35. Rf7+ {[%emt 0:00:00]} 1-0

[Event "WGM Marmaris Cleopatra 2018"]
[Site "Mentese Mugla"]
[Date "2018.10.27"]
[Round "4.9"]
[White "Tereladze, Sopiko"]
[Black "Okuyaz, Duru"]
[Result "1-0"]
[WhiteElo "2161"]
[BlackElo "2108"]
[Annotator "NA"]
[PlyCount "65"]
[EventDate "2018.10.26"]
[EventType "tourn"]
[EventCountry "TUR"]
[SourceTitle "playchess.com"]
[Source "ChessBase"]
[SourceQuality "1"]
[TimeControl "5400+30"]

1. Nf3 {[%emt 0:05:30]} d5 {[%emt 0:00:30]} 2. d4 {[%emt 0:00:30]} Nf6 {[%emt 0:00:00]} 3. e3 {[%emt 0:00:30]} c5 {[%emt 0:00:00]} 4. b3 {[%emt 0:00:30]} Nc6 {[%emt 0:00:30]} 5. Bb2 {[%emt 0:00:30]} Bg4 {[%emt 0:00:00]} 6. Be2 {[%emt 0:00:30]} e6 {[%emt 0:00:00]} 7. O-O {[%emt 0:00:30]} Bd6 {[%emt 0:00:30]} 8. h3 {[%emt 0:03:30]} Bh5 {[%emt 0:00:30]} 9. c4 {[%emt 0:00:30]} dxc4 {[%emt 0:04:30]} 10. bxc4 {[%emt 0:00:30]} cxd4 {[%emt 0:02:30]} 11. exd4 {[%emt 0:00:30]} O-O $11 {[%emt 0:00:30]} 12. Nbd2 {[%emt 0:01:30]} Rc8 {[%emt 0:01:30]} 13. Rc1 {[%emt 0:04:30]} Bf4 {[%emt 0:02:30]} 14. Ra1 {[%emt 0:10:30]} Na5 {[%emt 0:04:30]} 15. g3 {[%emt 0:03:30]} Bd6 {[%emt 0:02:30]} 16. Rc1 {[%emt 0:03:30]} Bb4 {[%emt 0:01:30]} 17. Ne5 {[%emt 0:18:30]} Bxe2 {[%emt 0:01:30]} 18. Qxe2 {[%emt 0:00:00]} Nd7 {[%emt 0:04:30]} 19. Ndf3 {[%emt 0:02:00]} Bd6 {[%emt 0:01:30]} 20. Rfd1 {[%emt 0:01:30]} Nf6 {[%emt 0:08:30]} 21. g4 {[%emt 0:07:30]} Qc7 {[%emt 0:03:30]} 22. g5 {[%emt 0:05:30]} Nd7 {[%emt 0:00:30]} 23. Nxd7 {[%emt 0:00:30]} Qxd7 {[%emt 0:00:30]} 24. d5 {[%emt 0:01:30]} e5 {[%emt 0:04:30]} 25. c5 {[%emt 0:01:30]} Bxc5 {[%emt 0:01:30]} 26. Qxe5 {[%emt 0:06:30]} f6 {[%emt 0:00:30]} 27. Qe6+ {[%emt 0:00:30]} Qxe6 {[%emt 0:00:00]} 28. dxe6 {[%emt 0:01:30]} fxg5 {[%emt 0:00:00]} 29. Rd7 {[%emt 0:05:39]} Rxf3 {[%emt 0:00:30]} 30. Rxc5 {[%emt 0:00:20]} Rxc5 {[%emt 0:02:30]} 31. Rd8+ {[%emt 0:00:52]} Rf8 {[%emt 0:00:30]} 32. e7 {[%emt 0:01:13]} Rcf5 {[%emt 0:01:30]} 33. Ba3 {[%emt 0:00:34]} 1-0

[Event "WGM Marmaris Cleopatra 2018"]
[Site "Mentese Mugla"]
[Date "2018.10.28"]
[Round "5.6"]
[White "Tsatsalashvili, Keti"]
[Black "Ince, Safiye Oyku"]
[Result "0-1"]
[WhiteElo "2330"]
[BlackElo "1855"]
[Annotator "TA"]
[PlyCount "72"]
[EventDate "2018.10.26"]
[EventType "tourn"]
[EventCountry "TUR"]
[SourceTitle "playchess.com"]
[Source "ChessBase"]
[SourceQuality "1"]

{[%evp 21,72,16,38,14,27,25,31,4,45,-10,23,0,43,0,37,16,19,0,0,0,0,0,0,0,0,0,0,0,0,0,0,-30,-19,-52,-52,-76,-59,-67,-61,-193,-183,-180,-183,-165,-164,-233,-198,-745,-93,-29997,-29998,-29998,-29999]} 1. e4 c5 2. Nf3 e6 3. d4 cxd4 4. Nxd4 Nc6 5. Nc3 Qc7 6. g3 a6 7. Bg2 Nf6 8. O-O Be7 9. Re1 O-O 10. Nxc6 dxc6 11. e5 Nd5 {LiveBook: 17 Games. B47: Sicilian: Taimanov: 5 Nc3 Qc7 6 f4, 6 g3 and 6 Be2} 12. h4 $146 ({Predecessor:} 12. Nb1 c5 13. c4 Nb4 14. Be4 Rd8 15. Qf3 Bd7 16. Nc3 Bc6 17. Bxc6 Qxc6 18. Qxc6 Nxc6 19. Re4 {½-½ (39) Solak,D (2598)-Popov,I (2632) Denizli 2013}) 12... Nxc3 13. bxc3 b5 {White has an edge.} 14. Bg5 Bb7 (14... Rd8 $5 15. Qf3 Bb7 $11) 15. Qg4 (15. Bxe7 $14 Qxe7 16. Qd6) 15... Kh8 16. Rad1 Rad8 17. Qf3 Rb8 18. Bxe7 Qxe7 19. Rd6 c5 20. Qe3 Bxg2 21. Kxg2 Qc7 22. Red1 Qa5 23. Qxc5 Qxa2 24. Qa7 {Threatening mate with Qxb8!} h6 ({Wrong is} 24... Qxc2 $2 25. Qxb8 $1 {[%mdl 512]} Qe4+ 26. Kh2 $18) 25. Qxa6 Qxc2 26. Qc6 Qf5 27. Qc5 Qe4+ 28. Kf1 Rfc8 29. Qd4 Qf3 30. Rd7 (30. Qd3 $15 Rxc3 31. Qxf3 Rxf3 32. Ke2) 30... Rxc3 $19 31. Rxf7 Qh1+ 32. Ke2 Rc2+ 33. Rd2 {[#]} (33. Ke3 $142 Qc6 34. Qb4) 33... Rc4 $1 {[%cal Rc4d4]} 34. Qd6 $2 (34. Rd1 Rc2+ 35. Rd2) 34... Qe4+ $2 (34... Rbc8 $19 {has better winning chances. ( -> ...Re4+)} 35. Rf4 Rxf4 36. gxf4 Qe4+ 37. Kf1 b4) 35. Kd1 $2 {[%mdl 8192]} (35. Kf1 $17 Qh1+ 36. Ke2) 35... Qb1+ 36. Ke2 Re4+ {Precision: White = 15%, Black = 59%.} 0-1

[Event "WGM Marmaris Cleopatra 2018"]
[Site "Mentese Mugla"]
[Date "2018.10.28"]
[Round "5.7"]
[White "Tereladze, Sopiko"]
[Black "Soyunlu, Narmin"]
[Result "0-1"]
[WhiteElo "2161"]
[BlackElo "2014"]
[Annotator "TA"]
[PlyCount "66"]
[EventDate "2018.10.26"]
[EventType "tourn"]
[EventCountry "TUR"]
[SourceTitle "playchess.com"]
[Source "ChessBase"]
[SourceQuality "1"]

{[%evp 9,66,60,76,69,79,60,83,57,96,94,94,94,104,93,95,89,142,139,145,145,168,161,143,57,65,55,239,4,22,-29,0,-147,-147,-359,-359,-350,-352,-342,-338,-317,-282,-471,-333,-379,-379,-439,-421,-600,-622,-733,-727,-933,-936,-839,-633,-618,-609,-1156,-1134]} 1. d4 d6 2. c4 Nf6 3. Nc3 Bf5 4. f3 h6 (4... e5 5. e4 exd4 6. Qxd4 Be6 7. Qd2 c6 8. Bd3 Nbd7 9. Nge2 Ne5 10. b3 Nxd3+ 11. Qxd3 d5 12. cxd5 cxd5 13. exd5 Nxd5 14. Nxd5 Qxd5 15. Qxd5 Bxd5 {½-½ (37) Vitiugov,N (2726)-Rakhmanov,A (2667) Tallinn 2016}) 5. e4 Bh7 6. Be3 {A53: Old Indian Defence without Nf3} c6 7. Nh3 $146 ({Predecessor:} 7. Qd2 e6 8. d5 exd5 9. cxd5 Be7 10. Nh3 Nbd7 11. Be2 Ne5 12. O-O {1-0 (25) Dragomirescu,A (2235)-Dimitrijevic,A (2234) Belgrade 2018}) 7... e5 8. d5 {White is better.} c5 9. Nf2 Be7 10. a3 O-O 11. Bd3 Nbd7 {[%cal Bb8d7,Bd7f8,Bf8g6,Bg6h4,Bh4g2][%mdl 32]} 12. Qd2 Re8 (12... Bg6 $142) 13. g4 $16 Nf8 {[#]} 14. h4 $1 Ng6 15. g5 Nh5 {[%cal Bf6h5,Bh5f4,Bf4g2][%mdl 32]} 16. gxh6 (16. O-O-O $16) 16... Nxh4 $14 17. O-O-O $1 {Hoping for Rdg1.} Bg6 $2 (17... g5 $1 $14) 18. Rh3 $2 (18. Ng4 $18) 18... Ng2 $11 19. Rg1 ({Better is} 19. Ng4 $1 Nxe3 20. Nxe3) 19... Nhf4 20. Rxg2 (20. Ne2 $11 {remains equal.} Nxe3 21. hxg7) 20... Nxg2 $17 21. Ne2 $2 (21. Rg3 $17 Nxe3 22. Qxe3) 21... Nxe3 $19 22. Qxe3 Bg5 23. f4 exf4 ({Much less strong is} 23... Bxh6 24. Ng4 $19) ({Weaker is} 23... gxh6 24. fxg5 Qxg5 25. Nd1 $14) 24. Qf3 gxh6 25. Kc2 $2 (25. Kb1) 25... Qf6 {Strongly threatening ...b5!} 26. Ng4 Qg7 {aiming for ...b5!} 27. Nxf4 {[#]} b5 $1 {Threatens to win with ...bxc4.Black is clearly winning.} 28. Nh5 (28. Nxg6 $142 bxc4 29. Bxc4 fxg6 30. e5) (28. cxb5 c4) 28... Qd4 29. Nhf6+ Kg7 30. Nxe8+ Rxe8 31. Qf2 Rxe4 {[%cal Be8e4,Be4d4,Bd4d3][%mdl 32]} 32. Qxd4+ Rxd4 33. Nf2 {[#]} Rxd3 $1 {Precision: White = 35%, Black = 49%.} 0-1

[Event "WGM Marmaris Cleopatra 2018"]
[Site "Mentese Mugla"]
[Date "2018.10.28"]
[Round "5.8"]
[White "Abdulla, Khayala"]
[Black "Arda, Cagil Irmak"]
[Result "1/2-1/2"]
[WhiteElo "2168"]
[BlackElo "2096"]
[Annotator "TA"]
[PlyCount "94"]
[EventDate "2018.10.26"]
[EventType "tourn"]
[EventCountry "TUR"]
[SourceTitle "playchess.com"]
[Source "ChessBase"]
[SourceQuality "1"]

{[%evp 14,94,25,10,105,15,18,1,1,4,6,-37,4,0,0,-14,-8,-22,-16,-63,-15,-14,-9,-15,7,-7,0,0,0,-37,-18,-15,19,16,32,9,29,-3,-15,-8,-3,-21,-10,-54,-8,-30,-8,-35,-36,-37,-12,-82,-29,-29,-25,-35,-7,-10,-11,-7,0,0,0,0,0,0,0,8,0,0,0,0,0,0,0,0,0,0,0,0,0,0,0]} 1. e4 c5 2. Nf3 Nc6 3. Bb5 e6 4. O-O Nge7 5. c3 a6 6. Ba4 b5 7. Bc2 Bb7 8. Re1 {LiveBook: 171 Games} d6 {B30: Sicilian: 2...Nc6 3 Bb5, lines without ...g6} (8... Rc8 $11 {keeps the balance.}) (8... Rc8 9. a4 b4 10. d4 bxc3 11. d5 Nb4 12. bxc3 Nxc2 13. Qxc2 Ng6 14. c4 Be7 15. Nc3 O-O 16. Rb1 Rb8 17. Bd2 {½-½ (30) Wei,Y (2737)-Yu,Y (2734) Taizhou 2015}) 9. d3 $146 (9. d4 $16) ({Predecessor:} 9. d4 e5 10. d5 Nb8 11. a4 Nd7 12. Na3 Nb6 13. axb5 axb5 14. Be3 Ba6 15. Bd3 c4 16. Bf1 f5 17. Ng5 f4 18. Ne6 Qb8 19. Bxb6 Qxb6 20. Nxb5 Rc8 21. Nbc7+ {1-0 (21) Fiorito,F (2420)-Chtcherbine,A (2198) Escobar 2004}) 9... Ng6 10. Be3 Be7 11. Nbd2 O-O 12. Nf1 Nce5 13. Nxe5 dxe5 14. f3 Qc7 15. Qd2 Rfd8 16. Qf2 Bh4 17. g3 $1 {[%cal Rg3h4]} Be7 18. Qe2 Nf8 19. Red1 Nd7 20. Nd2 Nb6 21. f4 Nd7 22. Rf1 Nf6 23. fxe5 Qxe5 24. Rf2 Qd6 25. Raf1 e5 26. g4 {[#] aiming for g5.} Bc8 $1 {[%cal Rc8g4]} 27. h3 Be6 28. Nf3 Nd7 29. Bb1 Rac8 30. Rg2 Nf8 31. h4 Ng6 32. Qf2 (32. h5 $1 $11 Nf4 33. Bxf4 exf4 34. e5) 32... Nf4 (32... h6 $17 33. g5 h5) 33. Bxf4 $1 $11 exf4 34. Ng5 b4 (34... h6 {is interesting.} 35. Nxe6 fxe6 36. Qxf4 Qxf4 37. Rxf4 Bxh4 38. a3 Bg5) 35. Qxf4 {The position is equal.} Qxf4 36. Rxf4 Bxg5 37. hxg5 bxc3 38. bxc3 Rb8 39. Rf1 Rb5 40. Bc2 Rb2 41. Bb3 Rxg2+ 42. Kxg2 Bxb3 43. axb3 Rxd3 {KR-KR} 44. Rf3 Rd2+ 45. Rf2 Rd3 46. Rf3 Rd2+ 47. Rf2 Rd3 {Precision: White = 29%, Black = 42%.} 1/2-1/2

[Event "WGM Marmaris Cleopatra 2018"]
[Site "Mentese Mugla"]
[Date "2018.10.28"]
[Round "5.9"]
[White "Dimitrijevic, Aleksandra"]
[Black "Okuyaz, Duru"]
[Result "0-1"]
[WhiteElo "2189"]
[BlackElo "2108"]
[Annotator "TA"]
[PlyCount "68"]
[EventDate "2018.10.26"]
[EventType "tourn"]
[EventCountry "TUR"]
[SourceTitle "playchess.com"]
[Source "ChessBase"]
[SourceQuality "1"]

{[%evp 18,67,37,33,66,32,45,22,27,32,34,-22,-45,-151,-144,-136,-38,-42,6,-29,0,-57,-53,-47,-57,-133,-74,-148,-153,-168,-152,-174,-178,-348,-203,-215,-220,-189,-73,-29986,-29987,-29987,-29988,-29991,-2525,-29985,-958,-29987,-855,-29997,-29998,-29999]} 1. e4 c5 2. Nf3 d6 3. d4 cxd4 4. Nxd4 Nf6 5. Nc3 Bd7 6. Bg5 e6 7. Ndb5 {B56: Classical Sicilian: Unusual Lines} (7. Qd2 h6 8. Bxf6 Qxf6 9. Ndb5 Bxb5 10. Bxb5+ Nc6 11. O-O-O a6 12. Bxc6+ bxc6 13. f4 Qd8 14. g4 Qa5 15. h4 {½-½ (42) Leko,P (2714)-Li,C (2748) Szeged 2015 CBM 168 [Fischer,J]}) 7... Bc6 8. Qd2 a6 9. Bxf6 gxf6 10. Nd4 {LiveBook: 4 Games} Nd7 $146 ({Predecessor:} 10... h5 11. Be2 h4 12. O-O-O {½-½ (12) Groszpeter,A (2447)-Nadj Hedjesi,B (2369) Kecskemet 2016}) 11. f4 Nc5 12. Qe3 Qb6 13. O-O-O O-O-O 14. g4 (14. Bc4 $14) 14... h5 15. Be2 (15. g5 $15) 15... hxg4 $17 16. Bxg4 {[#]} Bh6 (16... f5 $1 $17 {[%cal Rf5g4][%mdl 512]} 17. exf5 Bxh1 18. Rxh1 Kb8 19. fxe6 Nxe6 20. Bxe6 Bg7 21. Nc6+ Qxc6) 17. Kb1 Kb8 (17... Nxe4 $5 18. Nxe4 f5 $15) 18. Rhg1 Nd7 {[%cal Bc5d7,Bd7e5,Be5g6][%mdl 32]} 19. Bf3 (19. h4 $11) 19... Ne5 20. Nxc6+ Qxc6 21. Ne2 (21. Bg4 $15) 21... Rc8 (21... Nxf3 $142 22. Qxf3 f5) 22. Nd4 ({Better is} 22. c3) 22... Qb6 23. Be2 Ng6 24. Qa3 Bxf4 25. Nxe6 $2 (25. Rh1) 25... fxe6 (25... Bxh2 $142 26. Rg4 Ne5) 26. Rxg6 $19 Rxh2 27. Bd3 Be5 (27... Rc6 $19 28. Rxf6 Be5 29. Rxe6 Qf2) 28. Rdg1 $2 {[%mdl 8192]} (28. Qb3 $17 Qxb3 29. axb3) 28... Rc3 29. Rg8+ Ka7 30. b3 Rc8 (30... Rcxc2 $142 31. R1g2 Rcxg2 32. Rxg2 Rxg2 33. Bf1 Rg1 34. Qc1 Qd4 35. a4 Rxf1 $1 {[%mdl 512]} 36. Kc2 Qc3+ 37. Kb1 Qxb3#) 31. R8g7 {[#]} Rc7 (31... Rcxc2 $142 $1 {[%mdl 512]} 32. Rxb7+ (32. Bxc2 Qd4) 32... Kxb7 33. Rg7+ Kc8 34. Bxc2 Rh1+ 35. Bd1 Rxd1+ 36. Qc1+ Rxc1+ 37. Kxc1 Qf2 38. Rg8+ Kb7 39. Rg7+ Kc6 40. b4 Bc3 41. b5+ axb5 42. Rc7+ Kxc7 43. a3 Qd2+ 44. Kb1 Qb2#) 32. c3 Bxc3 (32... Rxg7 $142 33. Rc1 Rg3 34. Bxa6 bxa6 35. Qa4 Bxc3 36. Qd7+ Qb7 37. Qxb7+ Kxb7 38. a3 Rb2+ 39. Ka1 Be5 40. Rf1 Rgxb3 41. Rf3 Rh2+ 42. Rc3 Bxc3#) 33. Qa4 Rb2+ 34. Ka1 Rxb3# {Precision: White = 15%, Black = 36%.} 0-1